[Event "Hoogeveen op 23rd"]
[Site "Hoogeveen"]
[Date "2019.10.20"]
[Round "2"]
[White "Kirchei, Viktoriia"]
[Black "Mijnster, Niels"]
[Result "1-0"]
[WhiteElo "2051"]
[BlackElo "2145"]
[PlyCount "71"]
[EventDate "2019.10.19"]
[EventType "swiss"]
[EventRounds "9"]
[EventCountry "NED"]
[SourceTitle "CBM 192 Extra"]
[Source "Chessbase"]
[SourceDate "2019.11.06"]
[SourceVersion "1"]
[SourceVersionDate "2019.11.06"]
[SourceQuality "1"]

1. e4 c6 2. d4 d5 3. exd5 cxd5 4. Bd3 Nc6 5. c3 Nf6 6. h3 g6 7. Nf3 Bg7 8. 0-0 Bf5 9. Be2 0-0 10. Bf4 Ne4 11. Na3 h6 12. Nc2 g5 13. Bh2 Bh7 14. Ne3 e6 15. Nd2 f5 16. Nxe4 fxe4 17. Qb3 Qd7 18. Bg4 Bg6 19. Nxd5 Bf5 20. Bxf5 Rxf5 21. Nc7 Rc8 22. Qxe6+ Rf7 23. Qxd7 Rxd7 24. Ne6 Bf6 25. Nc5 Re7 26. Rfe1 Nxd4 27. Nxe4 Bg7 28. cxd4 Bxd4 29. Nc3 Rf7 30. Re2 a6 31. Be5 Ba7 32. Rd1 b5 33. Bd4 Bb8 34. Nd5 Bd6 35. Re6 Rc6 36. Nf6+ 1-0

[Event "Vlissingen HZ op 23rd"]
[Site "Vlissingen"]
[Date "2019.08.06"]
[Round "5"]
[White "Mijnster, Niels"]
[Black "Elgersma, Onno"]
[Result "0-1"]
[WhiteElo "2139"]
[BlackElo "2258"]
[PlyCount "96"]
[EventDate "2019.08.03"]
[EventType "swiss"]
[EventRounds "9"]
[EventCountry "NED"]
[SourceTitle "CBM 191 Extra"]
[Source "ChessBase"]
[SourceDate "2019.09.30"]
[SourceVersion "1"]
[SourceVersionDate "2019.09.30"]
[SourceQuality "1"]

1. d4 Nf6 2. Bf4 d5 3. e3 e6 4. Nd2 c5 5. c3 Nc6 6. Ngf3 cxd4 7. exd4 Nh5 8. Bg5 f6 9. Bh4 Bd6 10. Bb5 0-0 11. 0-0 g6 12. Re1 a6 13. Bf1 b5 14. a4 Rb8 15. b4 g5 16. Bg3 Nxg3 17. hxg3 g4 18. Nh4 f5 19. axb5 axb5 20. Nb3 Qg5 21. Qd2 f4 22. Nc5 Qf6 23. Qd3 Rf7 24. Ra2 Kg7 25. Rae2 Nd8 26. Ra2 h5 27. Kh1 Kh6 28. Raa1 Kg7 29. Be2 Rb6 30. Rf1 Bb8 31. Rae1 Nc6 32. Bd1 Ne7 33. Bc2 Kh6 34. Ra1 Nf5 35. Nxf5+ exf5 36. Rfe1 fxg3 37. fxg3 f4 38. Re8 fxg3 39. Kg1 Qf2+ 40. Kh1 Qf6 41. Kg1 Qf2+ 42. Kh1 Bf5 43. Re2 Bxd3 44. Rxf2 gxf2 45. Bxd3 Re7 46. Rf1 Bg3 47. Nb3 Re1 48. Nc1 Rbe6 0-1

[Event "Vlissingen HZ op 23rd"]
[Site "Vlissingen"]
[Date "2019.08.05"]
[Round "4"]
[White "Snijders, Frans"]
[Black "Mijnster, Niels"]
[Result "0-1"]
[WhiteElo "1876"]
[BlackElo "2139"]
[PlyCount "90"]
[EventDate "2019.08.03"]
[EventType "swiss"]
[EventRounds "9"]
[EventCountry "NED"]
[SourceTitle "CBM 191 Extra"]
[Source "ChessBase"]
[SourceDate "2019.09.30"]
[SourceVersion "1"]
[SourceVersionDate "2019.09.30"]
[SourceQuality "1"]

1. e4 c6 2. d4 d5 3. exd5 cxd5 4. Bd3 Nc6 5. c3 Nf6 6. Bf4 Bg4 7. Qb3 Qd7 8. Nd2 e6 9. Ngf3 Bd6 10. Be5 Be7 11. 0-0 0-0 12. h3 Bh5 13. Bh2 Bd6 14. Ne5 Qc7 15. Ndf3 Ne4 16. Rfe1 Bxf3 17. gxf3 Bxe5 18. dxe5 Nc5 19. Qc2 Nxd3 20. Qxd3 Ne7 21. f4 Rfc8 22. Red1 Nf5 23. Kg2 Qc6 24. f3 Qb6 25. Rd2 Ne3+ 26. Kh1 Nf5 27. Bg1 Qd8 28. Bf2 Rc4 29. Qxc4 dxc4 30. Rxd8+ Rxd8 31. Bxa7 h5 32. b3 Ra8 33. Bc5 cxb3 34. a3 Rc8 35. Bb4 Rc4 36. Rb1 Rxf4 37. Kg2 Nh4+ 38. Kg3 g5 39. Rxb3 Rxf3+ 40. Kh2 Rf2+ 41. Kg1 Re2 42. c4 g4 43. hxg4 hxg4 44. Bc3 Nf3+ 45. Kf1 g3 0-1

[Event "Fourmies op 37th"]
[Site "Fourmies"]
[Date "2013.05.20"]
[Round "6"]
[White "Shirazi, Kamran"]
[Black "Mijnster, Niels"]
[Result "1-0"]
[WhiteElo "2411"]
[BlackElo "1941"]
[PlyCount "29"]
[EventDate "2013.05.18"]
[EventType "swiss"]
[EventRounds "7"]
[EventCountry "FRA"]
[SourceTitle "CBM 154 Extra"]
[Source "ChessBase"]
[SourceDate "2013.06.25"]
[SourceVersion "2"]
[SourceVersionDate "2013.06.25"]
[SourceQuality "1"]

1. d4 Nf6 2. f3 d5 3. g4 g6 4. Bf4 h5 5. g5 Nfd7 6. c4 c6 7. cxd5 cxd5 8. Nc3 Bg7 9. Nxd5 Qa5+ 10. Nc3 0-0 11. Rc1 Nb6 12. e4 e6 13. Bd2 Bxd4 14. Nb5 Qxa2 15. Nxd4 1-0

[Event "Twente Young Master op-B"]
[Site "Twente"]
[Date "2007.08.11"]
[Round "9"]
[White "Mijnster, Niels"]
[Black "Komen, Jan Pjotr"]
[Result "0-1"]
[WhiteElo "1797"]
[BlackElo "1546"]
[PlyCount "48"]
[EventDate "2007.08.06"]
[EventType "swiss"]
[EventRounds "9"]
[EventCountry "NED"]
[SourceTitle "EXT 2008"]
[Source "ChessBase"]
[SourceDate "2007.11.25"]
[SourceVersion "1"]
[SourceVersionDate "2007.11.25"]
[SourceQuality "1"]

1. e4 e6 2. d4 d5 3. exd5 exd5 4. Nf3 Nf6 5. h3 Be7 6. c4 0-0 7. Be2 Bb4+ 8. Bd2 Bxd2+ 9. Nbxd2 Nc6 10. 0-0 Ne7 11. Rc1 Nh5 12. Bd3 Ng6 13. Bxg6 fxg6 14. cxd5 Nf4 15. Kh2 Kh8 16. Nc4 Bf5 17. Nce5 Qc8 18. g4 Bd7 19. d6 c6 20. Qb3 Be6 21. d7 Qc7 22. Qa3 Nd5 23. Qc5 Rxf3 24. Kg2 Raf8 0-1

[Event "Twente Young Master op-B"]
[Site "Twente"]
[Date "2007.08.09"]
[Round "6"]
[White "Schakel, Lemmy"]
[Black "Mijnster, Niels"]
[Result "1-0"]
[WhiteElo "1579"]
[BlackElo "1797"]
[PlyCount "131"]
[EventDate "2007.08.06"]
[EventType "swiss"]
[EventRounds "9"]
[EventCountry "NED"]
[SourceTitle "EXT 2008"]
[Source "ChessBase"]
[SourceDate "2007.11.25"]
[SourceVersion "1"]
[SourceVersionDate "2007.11.25"]
[SourceQuality "1"]

1. e4 e5 2. Nf3 f5 3. d3 Nc6 4. Nc3 Nf6 5. Be2 Bb4 6. Bd2 d6 7. Nd5 Nxd5 8. exd5 Bxd2+ 9. Qxd2 Ne7 10. c4 0-0 11. 0-0 c6 12. dxc6 Nxc6 13. b4 Qf6 14. b5 Ne7 15. Qc3 Bd7 16. Nd2 d5 17. f4 e4 18. Qxf6 Rxf6 19. dxe4 dxe4 20. Rad1 Be6 21. Nb3 a6 22. Nc5 axb5 23. Nxe6 Rxe6 24. cxb5 Ra4 25. Rd8+ Kf7 26. Bd1 Rxa2 27. Bb3 Rb2 28. Bxe6+ Kxe6 29. Rfd1 Rxb5 30. R1d6+ Kf7 31. R6d7 Rb1+ 32. Kf2 Rb2+ 33. Rd2 Rxd2+ 34. Rxd2 Kg6 35. Rd7 Ng8 36. Rxb7 Nf6 37. h3 h6 38. g3 Nd5 39. Rd7 Nb4 40. Rd6+ Kh5 41. Rb6 Nd3+ 42. Ke3 Ne1 43. g4+ fxg4 44. hxg4+ Kxg4 45. Rg6+ Kf5 46. Rxg7 Nc2+ 47. Kd2 Nb4 48. Rf7+ Ke6 49. Rf8 Nd5 50. Ke2 e3 51. Kf3 h5 52. Re8+ Kd6 53. Rh8 e2 54. Re8 Nc3 55. Kf2 Kd5 56. Re5+ Kd4 57. Re8 Nd5 58. f5 Nf4 59. f6 Ng6 60. Kxe2 Nf4+ 61. Kf3 Nh3 62. Kg3 Ng5 63. Kh4 Nf7 64. Kxh5 Kd5 65. Kg6 Nd6 66. Rd8 1-0